Kuinka monta kansanedustajaa osaat nimetä? - Statistics

Yleistilastot
  • Tätä visaa on pelattu 488 kertaa
    444 viimeisimmän päivityksen jälkeen
  • Keskiarvotulos 42 / 202
Vastaustilastot
Puolue Vastaus % Oikein
Sosiaalidemokraatit Sanna Marin
94%
Vasemmistoliitto Li Andersson
87%
Kokoomus Petteri Orpo
87%
Perussuomalaiset Jussi Halla-aho
82%
Liike Nyt Harry Harkimo
80%
Vihreät Maria Ohisalo
72%
Perussuomalaiset Riikka Purra
72%
Kristillisdemokraatit Päivi Räsänen
69%
Keskusta Annika Saarikko
68%
RKP Anna-Maja Henriksson
66%
Kristillisdemokraatit Sari Essayah
65%
Vihreät Pekka Haavisto
59%
Sosiaalidemokraatit Krista Kiuru
55%
Vihreät Sofia Virta
54%
Sosiaalidemokraatit Antti Rinne
50%
Perussuomalaiset Sebastian Tynkkynen
49%
Keskusta Matti Vanhanen
48%
AT Ano Turtiainen
46%
Keskusta Antti Kaikkonen
46%
Kokoomus Pauli Kiuru
46%
Keskusta Katri Kulmuni
44%
Keskusta Juha Sipilä
41%
Vasemmistoliitto Paavo Arhinmäki
40%
Vihreät Iiris Suomela
38%
Kokoomus Antti Häkkänen
35%
Kokoomus Elina Valtonen
35%
Perussuomalaiset Veijo Niemi
35%
Perussuomalaiset Jani Mäkelä
34%
Sosiaalidemokraatit Timo Harakka
34%
Sosiaalidemokraatit Tytti Tuppurainen
34%
Vihreät Emma Kari
33%
Sosiaalidemokraatit Ilmari Nurminen
33%
Vihreät Krista Mikkonen
33%
Sosiaalidemokraatit Antti Lindtman
32%
Keskusta Antti Kurvinen
31%
Kokoomus Ben Zyskowicz
31%
Keskusta Jari Leppä
31%
Sosiaalidemokraatit Johannes Koskinen
31%
Sosiaalidemokraatit Mika Kari
31%
Perussuomalaiset Ritva "Kike" Elomaa
31%
Keskusta Mika Lintilä
30%
Vihreät Pirkka-Pekka Petelius
30%
Sosiaalidemokraatit Riitta Mäkinen
30%
Vihreät Tiina Elo
30%
RKP Veronica Rehn-Kivi
30%
Perussuomalaiset Mari Rantanen
29%
Kokoomus Jaana Pelkonen
28%
Kokoomus Kalle Jokinen
28%
Perussuomalaiset Leena Meri
28%
Sosiaalidemokraatit Piritta Rantanen
28%
Kokoomus Anna-Kaisa Ikonen
27%
Sosiaalidemokraatit Erkki Tuomioja
27%
Kokoomus Kai Mykkänen
27%
Sosiaalidemokraatit Tuula Haatainen
27%
Kokoomus Wille Rydman
27%
Sosiaalidemokraatit Eveliina Heinäluoma
26%
Sosiaalidemokraatit Johanna Ojala-Niemelä
26%
Sosiaalidemokraatit Sirpa Paatero
25%
Vasemmistoliitto Aino-Kaisa Pekonen
24%
Keskusta Hannakaisa Heikkinen
24%
Kokoomus Janne Heikkinen
24%
Perussuomalaiset Kristian Sheikki Laakso
24%
Keskusta Markus Lohi
24%
Kokoomus Paula Risikko
24%
Vihreät Atte Harjanne
23%
Kokoomus Ilkka Kanerva
23%
Sosiaalidemokraatit Matias Mäkynen
23%
Keskusta Mikko Savola
23%
Perussuomalaiset Ville Tavio
23%
Keskusta Eeva Kalli
22%
Sosiaalidemokraatit Kristiina Salonen
22%
Sosiaalidemokraatit Maria Guzenina
22%
Kokoomus Sinuhe Wallinheimo
22%
Vihreät Heli Järvinen
21%
Sosiaalidemokraatit Marko Asell
21%
Vasemmistoliitto Merja Kyllönen
21%
Kokoomus Saara-Sofia Sirén
21%
Sosiaalidemokraatit Ville Skinnari
21%
Vasemmistoliitto Anna Kontula
20%
Perussuomalaiset Jari Koskela
20%
Perussuomalaiset Lulu Ranne
20%
Perussuomalaiset Rami Lehto
20%
Vihreät Bella Forsgrén
19%
Perussuomalaiset Jukka Mäkynen
19%
Sosiaalidemokraatit Aki Lindén
18%
RKP Anders Adlercreutz
18%
Perussuomalaiset Mauri Peltokangas
18%
Kokoomus Sanni Grahn-Laasonen
18%
Perussuomalaiset Arja Juvonen
17%
RKP Eva Biaudet
17%
Keskusta Hilkka Kemppi
17%
Kokoomus Juhana Vartiainen
17%
Vasemmistoliitto Jussi Saramo
17%
Sosiaalidemokraatit Kim Berg
17%
Keskusta Mikko Kärnä
17%
Kokoomus Sari Multala
17%
RKP Thomas Blomqvist
17%
Perussuomalaiset Ari Koponen
16%
Vasemmistoliitto Johannes Yrttiaho
16%
Sosiaalidemokraatit Jukka Gustafsson
16%
Kristillisdemokraatit Sari Tanus
16%
Kokoomus Timo Heinonen
16%
Vasemmistoliitto Veronika Honkasalo
16%
Kristillisdemokraatit Antero Laukkanen
15%
Keskusta Hanna Kosonen
15%
Keskusta Hanna-Leena Mattila
15%
Vasemmistoliitto Hanna Sarkkinen
15%
Sosiaalidemokraatit Hussein al-Taee
15%
Vasemmistoliitto Markus Mustajärvi
15%
Vihreät Noora Koponen
15%
Keskusta Anu Vehviläinen
14%
Kokoomus Arto Satonen
14%
Perussuomalaiset Juho Eerola
14%
Keskusta Petri Honkonen
14%
Vihreät Satu Hassi
14%
Perussuomalaiset Toimi Kankaanniemi
14%
Perussuomalaiset Vilhelm Junnila
14%
Kokoomus Anne-Mari Virolainen
13%
Sosiaalidemokraatit Kimmo Kiljunen
13%
Perussuomalaiset Mika Niikko
13%
Keskusta Mikko Kinnunen
13%
Keskusta Pekka Aittakumpu
13%
Sosiaalidemokraatit Tarja Filatov
13%
Perussuomalaiset Juha Mäenpää
12%
Kristillisdemokraatit Peter Östman
12%
Sosiaalidemokraatit Anneli Kiljunen
11%
Perussuomalaiset Kaisa Juuso
11%
Vasemmistoliitto Katja Hänninen
11%
Vasemmistoliitto Mai Kivelä
11%
Kokoomus Marko Kilpi
11%
Vihreät Outi Alanko-Kahiluoto
11%
Vihreät Hanna Holopainen
10%
Vihreät Inka Hopsu
10%
Vihreät Jenni Pitko
10%
RKP Joakim Strand
10%
Vihreät Mari Holopainen
10%
Sosiaalidemokraatit Pia Viitanen
10%
Perussuomalaiset Sakari Puisto
10%
Kokoomus Sari Sarkomaa
10%
Keskusta Tuomas Kettunen
10%
Keskusta Hannu Hoskonen
9%
Kokoomus Heikki Autto
9%
Kokoomus Matias Marttinen
9%
Vasemmistoliitto Matti Semi
9%
Sosiaalidemokraatit Niina Malm
9%
Perussuomalaiset Olli Immonen
9%
Vihreät Saara Hyrkkö
9%
Perussuomalaiset Sanna Antikainen
9%
Keskusta Anne Kalmari
8%
Sosiaalidemokraatit Eeva-Johanna Eloranta
8%
Perussuomalaiset Jenna Simula
8%
Keskusta Joonas Könttä
8%
Perussuomalaiset Minna Reijonen
8%
Kokoomus Sofia Vikman
8%
Sosiaalidemokraatit Tuula Väätäinen
8%
Kokoomus Heikki Vestman
7%
Keskusta Jouni Ovaska
7%
Keskusta Juha Pylväs
7%
Kokoomus Mari-Leena Talvitie
7%
Kokoomus Markku Eestilä
7%
Sosiaalidemokraatit Merja Mäkisalo-Ropponen
7%
RKP Mikko Ollikainen
7%
Sosiaalidemokraatit Suna Kymäläinen
7%
Kokoomus Terhi Koulumies
7%
Perussuomalaiset Veikko Vallin
7%
Kokoomus Janne Sankelo
6%
Kokoomus Jukka Kopra
6%
För Åland Mats Löfström
6%
Keskusta Pasi Kivisaari
6%
Perussuomalaiset Sami Savio
6%
Perussuomalaiset Tom Packalén
6%
Perussuomalaiset Ville Vähämäki
6%
Keskusta Hanna Huttunen
5%
Perussuomalaiset Jari Ronkainen
5%
Kokoomus Kari Tolvanen
5%
Kokoomus Mia Laiho
5%
Perussuomalaiset Mikko Lundén
5%
Perussuomalaiset Riikka Slunga-Poutsalo
5%
RKP Sandra Bergqvist
5%
Keskusta Esko Kiviranta
4%
Kokoomus Pihla Keto-Huovinen
4%
Sosiaalidemokraatit Raimo Piirainen
4%
RKP Anders Norrback
3%
Keskusta Ari Torniainen
3%
Keskusta Arto Pirttilahti
3%
Vasemmistoliitto Jari Myllykoski
3%
Vasemmistoliitto Juho Kautto
3%
Perussuomalaiset Jussi Wihonen
3%
Vihreät Mirka Soinikoski
3%
Sosiaalidemokraatit Paula Werning
3%
Kokoomus Pia Kauma
3%
Vasemmistoliitto Pia Lohikoski
3%
Sosiaalidemokraatit Seppo Eskelinen
3%
Sosiaalidemokraatit Heidi Viljanen
2%
Perussuomalaiset Jouni Kotiaho
2%
Sosiaalidemokraatit Katja Taimela
2%
Perussuomalaiset Petri Huru
2%
Kokoomus Ruut Sjöblom
2%
Kokoomus Ville Kaunisto
2%
Sosiaalidemokraatit Johan Kvarnström
1%
Perussuomalaiset Mika Raatikainen
1%
Vasemmistoliitto Risto Kalliorinne
0%
Ehtoja vastaavia visoja ei löytynyt
Tulosjakauma
Jokaisen tuloksen saaneiden osuus
Persentiili vastausten määrän mukaan
Tuloshistoriasi
Et ole pelannut tätä visaa sen viimeisimmän päivityksen jälkeen